01138nam a2200193Ia 4500001001100000003001000011008004100021040002500062041001300087100002100100245005300121250001100174260009000185300001200275500026000287501011400547520026000661650002300921L248-46848IT-CnALBA170116s9999||||xx |||||||||||||| ||und|| aIT-CnALBAcIT-CnALBA aITALIANO aFROSINI GIORDANO 0aCHI DITE CHE IO SIA? UNA CRISTOLOGIA PER TUTTI.  a1a ed. a BOLOGNA - NAPOLIbDEHONIANE EDIZIONI c1997 [1° Ed.:1997 - Ed.Ling.Originale: 1997] a188 p.  aPRIMO INCONTRO. IL TEMPO DEL RINNOVAMENTO. RITORNO ALLA STORIA. VITA BREVE MA INTENSA. TEMPO DELLA SOSPENSIONE. IL SEPOLCRO VUOTO. SVOLTA DI PASQUA. CRISTO PRIMO E ULTIMO. SODDISFAZIONE VICARIA. SERVO SALVATORE PROFETA MESSIA FIGLIO DI DIO. SIGNORE. IL VI aSocietà San Paolo EM - Piazza San Paolo, 14 - 12051 ALBA (CN) (non commercial uses only) ® Copyright 2017 aPRIMO INCONTRO. IL TEMPO DEL RINNOVAMENTO. RITORNO ALLA STORIA. VITA BREVE MA INTENSA. TEMPO DELLA SOSPENSIONE. IL SEPOLCRO VUOTO. SVOLTA DI PASQUA. CRISTO PRIMO E ULTIMO. SODDISFAZIONE VICARIA. SERVO SALVATORE PROFETA MESSIA FIGLIO DI DIO. SIGNORE. IL VI aASCETICA E MISTICA